02185cam a22002775a 45000010009000000050017000090080041000260200023000670400033000900820019001231000030001422450058001722600052002303000024002824900029003065000026003355040031003615050350003925200884007426500048016266500039016746530020017139420008017339990017017419520149017581857385420160515113744.0150414s2015 enk frb f001 0 eng d a9780521148474 (pb) aDLCbengcDLCdDLCdEG-ScBUE04a306.2222bNAS1 aNash, Kate,d1958-91342414aThe political sociology of human rights /cKate Nash. aCambridge :bCambridge University Press,c2015. ax, 224 p. ;c24 cm.0 aKey topics in sociology. aIndex : p. [215]-224. aBibliography : p. 193-214.8 aMachine generated contents note: 1. The social construction of human rights; 2. (A) human rights movement(s) and other organisations; 3. States of human rights; 4. The United Nations: not a world state; 5. Humanising capitalism; 6. Women's rights are human rights; 7. Do migrants have rights?; 8. What works? Paradoxes in the human rights field. a"The language of human rights is the most prominent 'people-centred' language of global justice today. This textbook looks at how human rights are constructed at local, national, international and transnational levels and considers commonalities and differences around the world. Through discussions of key debates in the interdisciplinary study of human rights, the book develops its themes by considering examples of human rights advocacy in international organisations, national states and local grassroots movements. Case studies relating to specific organisations and institutions illustrate how human rights are being used to address structural injustices: imperialist geopolitics, authoritarianism and corruption, inequalities created by 'freeing' markets, dangers faced by transnational migrants as a result of the securitization of borders, and violence against women"-- 7aHuman rightsxSocial aspects.2BUEsh939971 7aPolitical sociology.2BUEsh911062 bBUSBOLcMay2016 2ddc c21737d21709 00102ddc40708AlahramaMAINbMAINc1STd2016-05-15ePurchaseg270.00l4m9o306.2 NASp000032480r2025-07-15 00:00:00s2022-12-13v337.50yBB